[Event "GER Cup19 sf09 serv"]
[Site "GER email"]
[Date "2013.07.14"]
[Round "?"]
[White "Walther, Joachim"]
[Black "Groebner, Karl Heinz"]
[Result "1-0"]
[WhiteElo "1994"]
[BlackElo "1985"]
[PlyCount "123"]
[EventDate "2013.07.20"]
[EventType "tourn (corr)"]
[EventRounds "6"]
[EventCountry "GER"]
[SourceTitle "Corr 2015"]
[Source "ChessBase"]
[SourceDate "2015.07.17"]
[SourceVersion "1"]
[SourceVersionDate "2015.07.17"]
[SourceQuality "1"]

1. Nf3 Nf6 2. c4 c5 3. Nc3 e6 4. g3 d5 5. cxd5 Nxd5 6. Bg2 Nc6 7. d4 Ndb4 8. e3 cxd4 9. exd4 Nxd4 10. 0-0 Nxf3+ 11. Qxf3 Be7 12. Rd1 Qa5 13. a3 0-0 14. Rb1 Nc6 15. b4 Qe5 16. Bf4 Qf5 17. Qe2 a6 18. Bc7 Bf6 19. Ne4 e5 20. Rbc1 Nd4 21. Qe3 Qh5 22. Rxd4 exd4 23. Nxf6+ gxf6 24. Qxd4 Qg5 25. Rc5 Qg6 26. h4 Re8 27. h5 Qg7 28. Bf3 h6 29. Kh2 Re6 30. Rf5 Rc6 31. Rf4 Be6 32. Bxc6 bxc6 33. Bd8 f5 34. Bf6 Qf8 35. Qe5 Qb8 36. Qc3 Qd6 37. Bg7 Qe7 38. Bxh6 f6 39. Rd4 Bd5 40. Qd3 Qe6 41. Be3 Qe5 42. Bf4 Qe6 43. h6 Kh8 44. Be3 Kh7 45. a4 Kh8 46. a5 Kh7 47. f3 Bxf3 48. Rd6 Be4 49. Rxe6 Bxd3 50. Rxf6 Rh8 51. Rf7+ Kg6 52. Rg7+ Kf6 53. Bd4+ Ke6 54. Rg6+ Kf7 55. Rxc6 Rh7 56. Kh3 Ke8 57. Kh4 Kd7 58. Rb6 Kd8 59. Bg7 Kd7 60. Kg5 Ke8 61. b5 axb5 62. a6 1-0

[Event "GER M-469 D email"]
[Site "GER email"]
[Date "2011.??.??"]
[Round "?"]
[White "Klapp, Herwig"]
[Black "Groebner, Karl Heinz"]
[Result "1/2-1/2"]
[WhiteElo "2123"]
[BlackElo "2234"]
[PlyCount "55"]
[EventDate "2011.12.14"]
[EventType "tourn (corr)"]
[EventRounds "1"]
[EventCountry "GER"]
[SourceTitle "Corr 2015"]
[Source "ChessBase"]
[SourceDate "2015.07.17"]
[SourceVersion "1"]
[SourceVersionDate "2015.07.17"]
[SourceQuality "1"]

1. e4 e5 2. Nf3 Nf6 3. d4 Nxe4 4. Bd3 d5 5. Nxe5 Nd7 6. Nxd7 Bxd7 7. 0-0 Qh4 8. c4 0-0-0 9. c5 g6 10. Nc3 Bg7 11. g3 Qf6 12. Be3 Ng5 13. f4 Qe7 14. Re1 Ne6 15. Nxd5 Qf8 16. Be4 Bc6 17. Qb3 Nxd4 18. Qc4 f5 19. Bg2 Bxd5 20. Bxd5 c6 21. Bg2 Qf6 22. Rad1 Rhe8 23. Bf2 Rxe1+ 24. Rxe1 Nb5 25. b4 Qb2 26. Re2 Qc3 27. Qe6+ Kb8 28. Qe7 1/2-1/2